000 00713nam a22001931cc4500
001 a987681022+Band1
035 _aa987681022
008 170918s2015 gw |||| 000u ger d
020 _a9783525301739
_9978-3-525-30173-9
041 _ager
245 0 0 _aHandbuch einer transnationalen Geschichte Ostmitteleuropas
_nBand 1
_pVon der Mitte des 19. Jahrhunderts bis zum Ersten Weltkrieg
264 _aGöttingen :
_bVandenhoeck & Ruprecht,
_c2015
300 _a448 Seiten
246 1 2 _aHandbuch einer transnationalen Geschichte Ostmitteleuropas. Von der Mitte des 19. Jahrhunderts bis zum Ersten Weltkrieg
_nBand 1
773 0 8 _wa987681022
_qBand1
942 _cMG
040 _cRU-10907106
003 RU-10907106
999 _c33039
_d33039